Water wells and pumps / (Record no. 14622)

MARC details
000 -LEADER
fixed length control field 00915nam a22002777a 4500
005 - DATE AND TIME OF LATEST TRANSACTION
control field 20080729104632.0
008 - FIXED-LENGTH DATA ELEMENTS--GENERAL INFORMATION
fixed length control field 080729t xxu||||| |||| 00| 0 eng d
010 ## - LIBRARY OF CONGRESS CONTROL NUMBER
LC control number ENG-90613
020 ## - INTERNATIONAL STANDARD BOOK NUMBER
International Standard Book Number 0070657068
Terms of availability 795.00
035 ## - SYSTEM CONTROL NUMBER
System control number EN-74146
037 ## - SOURCE OF ACQUISITION
Source of stock number/acquisition DBAD / PUB
040 ## - CATALOGING SOURCE
Original cataloging agency DPL
082 ## - DEWEY DECIMAL CLASSIFICATION NUMBER
Classification number 621.69
100 ## - MAIN ENTRY--PERSONAL NAME
Personal name Michael, A.M.
245 ## - TITLE STATEMENT
Title Water wells and pumps /
Statement of responsibility, etc by A.M. Michael, S.D. Khepar [and] S.K. Sondhi
250 ## - EDITION STATEMENT
Edition statement 2nd ed
260 ## - PUBLICATION, DISTRIBUTION, ETC. (IMPRINT)
Place of publication, distribution, etc New Delhi
Name of publisher, distributor, etc Tata McGraw-Hill Publishing
Date of publication, distribution, etc 2008
300 ## - PHYSICAL DESCRIPTION
Extent xv, 695p. :
Other physical details ill.
Dimensions 24 cm.(Hb)
500 ## - GENERAL NOTE
General note Includes appendix and index
650 ## - SUBJECT ADDED ENTRY--TOPICAL TERM
Topical term or geographic name as entry element Wells
650 ## - SUBJECT ADDED ENTRY--TOPICAL TERM
Topical term or geographic name as entry element Pumps
700 ## - ADDED ENTRY--PERSONAL NAME
Personal name Khepar, S.D.
700 ## - ADDED ENTRY--PERSONAL NAME
Personal name Sondhi, S.K.
942 ## - ADDED ENTRY ELEMENTS (KOHA)
Source of classification or shelving scheme Dewey Decimal Classification
Koha item type English Books
Classification part 621.69
Call number suffix MIC
Holdings
Withdrawn status Lost status Damaged status Not for loan Collection code Home library Current library Date acquired Source of acquisition Cost, normal purchase price Total Checkouts Full call number Barcode Date last seen Copy number Cost, replacement price Price effective from Koha item type
      Not For Loan Non-fiction D.B.Act.Division D.B.Act.Division 29/07/2008 DBAD / PUB 795.00   621.69 MIC EN-74146 15/09/2008 1 795.00 15/09/2008 English Books

© Delhi Public Library
Hit Counter
free hit counter